Welcome to CU Library Online Public Access Catalogue (OPAC)

Construction Technology (Record no. 8275)

MARC details
000 -LEADER
fixed length control field 00494nam a22001697a 4500
005 - DATE AND TIME OF LATEST TRANSACTION
control field 20251121091916.0
008 - FIXED-LENGTH DATA ELEMENTS--GENERAL INFORMATION
fixed length control field 251121b |||||||| |||| 00| 0 eng d
020 ## - INTERNATIONAL STANDARD BOOK NUMBER
International Standard Book Number 9780582316164
050 ## - LIBRARY OF CONGRESS CALL NUMBER
Classification number TH145
Item number .C49
100 ## - MAIN ENTRY--PERSONAL NAME
Personal name Chudley, Roy
245 ## - TITLE STATEMENT
Title Construction Technology
Statement of responsibility, etc. Roy Chudley, revised by Roger Greeno
250 ## - EDITION STATEMENT
Edition statement 3rd ed.
Remainder of edition statement update
260 ## - PUBLICATION, DISTRIBUTION, ETC.
Place of publication, distribution, etc. Harlow, England
Name of publisher, distributor, etc. Pearson Longman
Date of publication, distribution, etc. 2004
300 ## - PHYSICAL DESCRIPTION
Extent xii. 539p.
Other physical details ill.
Dimensions 23.5cm
700 ## - ADDED ENTRY--PERSONAL NAME
Personal name Greeno, Roger
942 ## - ADDED ENTRY ELEMENTS (KOHA)
Source of classification or shelving scheme Library of Congress Classification
Koha item type Books
Edition 3rd ed.
Suppress in OPAC No
999 ## -
-- 8275
-- 8275
Holdings
Withdrawn status Lost status Source of classification or shelving scheme Damaged status Not for loan Collection Home library Current library Shelving location Date acquired Total checkouts Full call number Barcode Date last seen Copy number Price effective from Koha item type
    Library of Congress Classification     Non-fiction Science Library (Miotso) Science Library (Miotso) General stacks 11/21/2025   TH145 .C49 CHU SLM00005847 11/21/2025 1 11/21/2025 Books
    Library of Congress Classification     Non-fiction Science Library (Miotso) Science Library (Miotso) General stacks 11/21/2025   TH145 .C49 CHU SLM00005848 11/21/2025 2 11/21/2025 Books
    Library of Congress Classification     Non-fiction Science Library (Miotso) Science Library (Miotso) General stacks 11/21/2025   TH145 .C49 CHU SLM00005849 11/21/2025 3 11/21/2025 Books
    Library of Congress Classification     Non-fiction Science Library (Miotso) Science Library (Miotso) General stacks 11/21/2025   TH145 .C49 CHU SLM00005850 11/21/2025 4 11/21/2025 Books
© 2023-2024 Copyright: Central University Libraries. All Rights Reserved | Created by: Mahone Tech Office